Sudden Death - Disney Characters - Statistics

General Stats
  • This quiz has been taken 699 times
    693 since last reset
  • The average score is 9 of 16
Answers on the Grid
Answers color-coded by a green-red scale on the quiz's grid according to % correct below.
Mickey Mouse
John Hopkins
Fred Sullivan
Clarice
Donald Duck
Rafiki
Tom Petty
Jean Grey
Don Percivel
Erik Lehnsherr
Emmett Lewis
Canis Saguntum
Prince Charming
Baloo
Buster Moon
Mother Gothel
Aloysius O'Hare
Jasmine
Don Cheeta
Fluttershy
Maleficent
Ricky Bobby
Mayor Mare
Jaq
Dumbo
Meeko
Aurora
Julian Stromberg
Pascal
Louis Nightingale
 
Answer Stats
Answer % Correct
Mickey Mouse
97%
Donald Duck
88%
Dumbo
83%
Jasmine
79%
Prince Charming
79%
Maleficent
76%
Aurora
75%
Baloo
74%
Rafiki
64%
Mother Gothel
63%
Pascal
58%
Meeko
40%
Jaq
29%
Clarice
12%
Erik Lehnsherr
9%
Jean Grey
8%
No matching quizzes found
Score Distribution
Percent of People with Each Score
Percentile by Number Answered
Your Score History
You have not taken this quiz since the last reset